• 首页
  • 本馆介绍
  • 公告通知
  • 最新文献
  • 馆藏检索
  • 电子资源
  • 读者导购
  • 参考咨询
  • 我的图书馆
  • 登录
  • 详细信息显示
  • 放入我的书架
  • 预约/预借图书
  • 作者相关作品
  • 分类相关作品
  • 丛书相关作品
  • 出版社相关作品

书目信息

  • 表格格式
  • 工作单格式
  • 卡片格式
题名:
晶体管-晶体管逻辑电路
    
 
作者: 弗林 著 ;张鹏 译
分册:  
出版信息: 北京   人民邮电出版社  1979
页数: 184页
开本: 19cm
丛书名:
单 册:
中图分类: TN32
科图分类:
主题词: 晶体管-晶体管逻辑电路 , 晶体管
电子资源:
ISBN:
000 00809nam0 2200265 45
001 0179005990
005 20060426141536.87
010    @dCNY0.50
091    @a15045.总2300-无670
100    @a19950731d1979 em y0chiy0121 ea
101 1  @achi@ceng
102    @aCN@b110000
105    @ay z 000yy
200 10 @a晶体管-晶体管逻辑电路@Ajing ti guan- jing ti guan luo ji dian lu@f(美)G·弗林著@F(mei)G·fu lin zhu@g张鹏译
210    @a北京@c人民邮电出版社@d1979
215    @a184页@d19cm
510 1  @aTransistor-transistor logic@zeng
517 1  @a晶体管晶体管逻辑电路@Ajing ti guan jing ti guan luo ji dian lu
606    @a晶体管-晶体管逻辑电路
606 0  @a晶体管
690    @aTN32@v3
701  0 @a弗林@Afu lin@4著
702  0 @a张鹏@Azhang peng@4译
801  0 @aCN@bNLC@c20060426
905    @dTN32@e3
    
    晶体管-晶体管逻辑电路/(美)G·弗林著/张鹏译.-北京:人民邮电出版社,1979
    184页;19cm
    
    
    ISBN :CNY0.50
    
●
相关链接 在E读中查询图书 在五车中查询图书 在当当中查询图书 在豆瓣中查询图书


正题名:晶体管-晶体管逻辑电路     索取号:TN32/3         预约/预借

序号 登录号 条形码 馆藏地/架位号 状态 备注
1 0014523   202289825   密集书库/ [索取号:TN32/3] 在馆    
2 0159156   001352244   第三借阅区/ [索取号:TN32/3] 在馆    
3 0159157   001945952   密集书库/ [索取号:TN32/3] 在馆    
唐山师范学院图书馆 欢迎您!
大连网信软件有限公司© 版权所有